[Event "Moscow Aeroflot op-A"]
[Site "Moscow"]
[Date "2005.02.18"]
[Round "4"]
[White "Sutovsky, Emil"]
[Black "Filippov, Valerij"]
[Result "1-0"]
[WhiteElo "2669"]
[BlackElo "2621"]
[Annotator "Erenburg,S"]
[PlyCount "75"]
[EventDate "2005.02.15"]
[EventType "swiss"]
[EventRounds "9"]
[EventCountry "RUS"]
[SourceTitle "CBM 106"]
[Source "ChessBase"]
[SourceDate "2005.06.06"]
[SourceVersion "1"]
[SourceVersionDate "2005.06.06"]
[SourceQuality "1"]

{[%mdl 8]} 1. e4 c5 2. Nf3 Nc6 3. Bb5 g6 4. c3 {preparing to take control over
the centre with d2-d4.} Nf6 5. e5 Nd5 6. O-O Bg7 7. d4 cxd4 {Another possible
continuation is} (7... Nc7 {---> 1/2-1/2 Fressinet,L-Degraeve,J/Meribel 1998/
CBM 67/[Smirin] (32)}) 8. cxd4 {Another interesting idea is to take on c6 with
the bishop, that will make possible the capture on d4 with the queen. White's
strategical idea is to play against black's bishops: black's dark-squared one
is limitted by the e5 pawn, while, the light-squared one doesn't have good
squares:} (8. Bxc6 dxc6 9. Qxd4 {---> 0-1 Vydeslaver,A-Fressinet,L/Rethymnon
2003/CBM 98/[Erenburg] (40)}) 8... O-O 9. Nc3 {White's idea is to force black
to take on c3, that will strengthen white's central pawn d4.} Nxc3 {The
alternative could be moving the knight with the tempo:} (9... Nc7 10. Ba4 {
---> 1/2-1/2 Pedzich,D-Yakovich,Y/Swidnica 1999/CBM 71/[Smirin] (50)}) 10. bxc3
d6 11. exd6 {White has the option of strengthening the e5 pawn by Re1:} (11.
Re1 $5 {---> 0-1 Safin,S-Shariyazdanov,A/Dubai 2001/CBM 083/[Gershon] (36)}
dxe5 $6 12. Bxc6 bxc6 13. Nxe5 $14 {with following Ba3 and pressure on the e7
pawn.}) 11... exd6 {Black could get the pawn structure with white's hanging
pawns, where white didn't achieve anything special yet:} (11... Qxd6 12. Re1 (
12. a4 Bf5 $5 (12... Rd8 $6 13. Ba3 Qc7 14. Re1 e6 15. Ng5 b6 $2 (15... a6 $5)
16. Nxf7 $1 Rd5 (16... Kxf7 $2 17. Qf3+ {[%csl Rc6,Rf7]}) 17. Bxc6 Qxc6 18. Qf3
Bd7 19. Ne5 Bxe5 20. dxe5 $16 {1-0 Fedorowicz,J-Dlugy,M/USA-ch 1988 (42)}) (
12... Bg4 $5 13. h3 Bxf3 14. Qxf3 Rfc8 15. Ba3 Qc7 16. Rfe1 e6 $14 17. Rab1 Nd8
18. Rb3 a6 19. Be2 Qa5 20. Reb1 Qxa4 21. Be7 b5 22. Ra3 Qc2 23. Bd3 Qd2 24. Rd1
Qb2 25. Rb1 Qd2 26. Rd1 Qb2 (26... Qh6 $2 27. Bxb5 $16) 27. Rb1 $11 {1/2-1/2
Kovalevskaya,E-Vokarev,S/Komercni Banka op 1997}) 13. Ba3 Qc7 14. Re1 Bf6 15.
Qd2 Rad8 16. Bxc6 bxc6 17. Qh6 Rfe8 18. Ng5 Bxg5 19. Qxg5 Be6 20. Bc5 Rd5 21.
Qh4 Rh5 22. Qg3 Qd7 23. Rab1 $14 {Bronstein,D-Boleslavsky,I/URS-ch24 1957/1/
2-1/2 (88)}) 12... a6 13. Bxc6 Qxc6 $11 {1/2-1/2 Nevednichy,V-Smetankin,S/
Avoine 2002/CBM 89 ext (23). (23)}) 12. Bg5 {completing the development with
the tempo. White has tried the following continuations as well:} (12. Re1 $5
Qa5 $1 {[%csl Rb5,Rc3]} 13. Qa4 $5 Bg4 $1 $13 {---> 1-0 Krayz,A-Golod,V/
Givatayim 1998/CBM 065/[Golod,V] (79)}) (12. Bf4 $5 Ne7 13. Bc4 Bg4 14. h3 Rc8
15. Bb3 Be6 16. Rc1 Nd5 17. Bg5 Bf6 18. Bh6 Re8 $13 {Matanovic,A-Bouaziz,S/
Sousse izt 1967/1/2-1/2 (48)}) (12. a4 $6 Bf5 13. Re1 a6 14. Bd3 Bxd3 15. Qxd3
Rc8 16. Bg5 Qd7 17. Nd2 h6 18. Bf4 Na5 19. Ne4 d5 20. Nc5 Qc6 21. Rab1 Rfe8 22.
Rxe8+ Rxe8 23. h3 Re7 $15 {Schoeneberg,M-Pfretzschner,R/BL2-O9697 1997/0-1 (60)
}) 12... Qc7 ({Worth consideration:} 12... Qa5 {, which wasn't checked on
practice...} 13. Qa4 (13. Bxc6 bxc6 14. Be7 Re8 15. Bxd6 Qxc3 16. Rc1 Qa5 $11)
13... Qxa4 14. Bxa4 $14 {[%cal Ya1b1]}) 13. Re1 h6 $146 {In the preceding game
black continued} (13... a6 14. Ba4 Bd7 15. Nd2 h6 16. Bf4 Na5 17. Ne4 Bxa4 18.
Qxa4 Nc4 19. Qb4 Rfd8 20. Rab1 {1/2-1/2 Kuzmin,G-Zubarev,A/Donetsk 1998/CBM
068 (20)}) 14. Bf4 Ne7 {improving the position of the knight. Now black can
transfer it to d5 either to f5.} 15. Qb3 $1 {White has chosen the best
location for the queen. From here it takes control over the a2-g8 diagonal,
protects the c3 pawn, can press along the "b" file, and can put the pressure
on the d6 pawn from b4.} g5 {The only way to drive away the bishop from the
h2-b8 diagonal.} (15... Bg4 {plays in white's hands:} 16. Nd2 $14 {[%cal Yd2e4]
}) (15... Bf5 16. Nh4 $1 $16) 16. Nxg5 $6 {[%mdl 704] Typical Emil's
sacrifice! It was the only way to fight for an advantage. Objectively, this
move isn't the best, but in practice, it is extremely difficult for black to
parry white's attack.} (16. Qc4 Qd8 17. Bg3 (17. Nxg5 a6) 17... Nf5 $11) 16...
hxg5 $2 ({Probably, after} 16... Ng6 $1 {black succeeds to neutralize white's
initiative and to get an obvious advantage.} 17. Nxf7 (17. Be3 hxg5 18. Bxg5
Qa5 $1 $17) (17. Bxd6 Qxd6 18. Nxf7 Rxf7 19. Re8+ Bf8 20. Bc4 Qf4 $19) 17...
Nxf4 18. Nxd6+ Kh8 19. Ne8 (19. Nxc8 Raxc8 20. Re3 Rfd8 $17) 19... Qd8 20. Nxg7
(20. Re3 a6) 20... Qg5 $17) 17. Bxg5 Be6 $2 {Another unsuccessful decision.
The following continuations come to consideration:} (17... Nc6 $5) (17... Nf5
18. Bd3 Qa5 $13) (17... Ng6 18. Bd3 Qa5 $1 $13 {[%cal Yd6d5,Gc8f5] after all
of them there isn't a clear way to develop a dangerous attack against black's
monarch.}) {[%tqu "En","White is a knight down. How would you develop an
initiative for white?","","","e1e6","",10]} 18. Rxe6 $1 {[%mdl 704] Another
sacrifice! All white's pieces are active, while black's ones are paralized,
that, promise good prospects for wihte's attack!} fxe6 19. Qxe6+ Rf7 (19... Kh8
20. Bxe7 $16) 20. Re1 $44 {White has three pawns for a rook, he dominates the
board... Black is paralized due to many pins. All these factors promise white
more than sufficient compensation.} a6 $2 {plays in white's hands. Black moves
white's light-squared bishop to b3, where black cannot eliminate it..} ({
Probably, tast chance was} 20... Nc6 21. Bc4 Raf8 22. Bf4 (22. Bb3 Qa5 23. Qg6
Qxc3 24. Bxf7+ Rxf7 25. Re8+ Rf8 26. Rxf8+ Kxf8 27. Qf5+ $11) (22. Qg6 Ne5 $1 {
This is the difference! Here white's bishop is located on c4, that makes
possible this last black's move!} 23. Bxf7+ Qxf7 $11) 22... Nd8 23. Qd5 Qd7 24.
Qxd6 $14) 21. Ba4 Nc6 ({Black doesn't survive after} 21... Kf8 22. Bd7 $1 (22.
Bd1 $5 {[%cal Yd1h5]} Nc6 23. Bh5 Kg8 24. Bf4 Nd8 25. Qb3 {[%cal Ye1e8]} Kh8
26. Bxd6 Qxd6 27. Bxf7 Nxf7 28. Qxf7 $16) 22... Qd8 $1 (22... Re8 23. Re3 $1
$40 {[%cal Yg5h6]} d5 24. Bh6 Rd8 25. Bxg7+ Kxg7 26. Rg3+ Qxg3 27. hxg3 $18)
23. Qg4 Bf6 24. Be6 Bxg5 25. Bxf7 Kxf7 (25... Bd2 26. Qf3 Kg7 (26... Bxe1 27.
Bg6+ Kg7 28. Qf7+ Kh6 29. Qh7+ Kg5 30. h4+ Kf4 31. Qh6+ Kg4 32. Qg5#) 27. Re4
$18) 26. Qxg5 Qd7 27. Qh5+ Kg8 28. Re3 $18) 22. Bb3 $40 {Even Fritz doesn't
find the way to protect black's monarch after this move!} d5 (22... Raf8 23.
Qg6 $18 {[%cal Yg5f6] and now black hasn't enough time to eliminate white's
light-squared bishop.}) 23. Bxd5 Kf8 (23... Raf8 {doesn't help too much:} 24.
Qg6 {[%cal Yg5f6]} Qa5 25. Bxf7+ Rxf7 26. Re8+ Rf8 27. Bh6 Qc7 28. Rxf8+ Kxf8
29. Qh7 {[%cal Yh7h8]} Qf7 30. Qh8+ $18) 24. Qg6 $1 {[%cal Yg5h6] White
doesn't hurry and creates new threats, as black is absolutely paralized.} Re8 (
24... Rd7 25. Bb3 $18 {[%cal Yg5h6]}) (24... Qd7 25. Be6 Qc7 26. Qh7 $1 $18 {
[%cal Yg5h6,Gh7h8]}) 25. Rxe8+ Kxe8 26. h4 $1 {adding the pawn for an attack,
and, at the same time, preparing the h2 square for the king.} Kf8 27. h5 Qd7 (
27... Rd7 28. Be6 $18 {[%cal Yh5h6]}) 28. Be6 Ne5 ({Doesn't change anything:} 
28... Qc7 29. h6 Bh8 30. Bc1 $1 {[%cal Yc1a3]} Ke8 31. h7 $18 {[%cal Ye6f7,
Gg6g8]}) 29. dxe5 $18 {Now white has an obvious material advantage, as well as
his attack is extremely dangerous. Therefore, black is absolutely hopefull.}
Qd1+ 30. Kh2 Bxe5+ 31. f4 Bxf4+ (31... Rxf4 32. Qg8#) 32. Bxf4 Rxf4 33. Qh6+
Ke7 34. Qxf4 Kxe6 35. Qe4+ Kd6 (35... Kf7 36. Qf3+ $18) 36. Qd4+ {trading the
queens and getting a winning PP endgame.} Qxd4 37. cxd4 Ke7 38. d5 {Great
victory by the winner of Aeroflot open!} 1-0

[Event "Moscow Aeroflot op-A"]
[Site "Moscow"]
[Date "2005.02.15"]
[Round "1"]
[White "Shaposhnikov, Evgeny"]
[Black "Smirnov, Pavel"]
[Result "1/2-1/2"]
[WhiteElo "2577"]
[BlackElo "2645"]
[Annotator "Erenburg,S"]
[PlyCount "83"]
[EventDate "2005.02.15"]
[EventType "swiss"]
[EventRounds "9"]
[EventCountry "RUS"]
[SourceTitle "CBM 106"]
[Source "ChessBase"]
[SourceDate "2005.06.06"]
[SourceVersion "1"]
[SourceVersionDate "2005.06.06"]
[SourceQuality "1"]

1. e4 c5 2. Nf3 Nc6 3. Bb5 g6 4. Bxc6 dxc6 5. d3 Bg7 {In this variation one of
the biggest black's problems is his light-squared bishop. Therefore logical
alternative to continuation in the game is} (5... Bg4 6. h3 (6. Nbd2 Bg7 7. h3
(7. O-O Nf6 8. h3 Bxf3 9. Qxf3 O-O 10. Qe2 e5 11. Nc4 Nd7 12. a4 Qe7 13. Bd2 b6
14. Bc3 Rfd8 15. Qe1 Nf8 16. f4 exf4 17. Bxg7 Kxg7 18. Rxf4 $14 {1/2-1/2 Adams,
M-Gelfand,B/Dos Hermanas 1999/CBM 71 (42)}) 7... Bxf3 8. Nxf3 {---> 1/2-1/2
Ivanchuk,V-Gelfand,B/Polanica Zdroj 1998/CBM 67/[Smirin] (21)}) (6. Nc3 Bg7 7.
O-O e5 8. Be3 b6 9. h3 Bxf3 10. Qxf3 Qd6 11. a4 Nf6 12. Nb1 $5 {[%cal Gb1d2,
Gd2c4]} O-O 13. Nd2 Nd7 14. Qg3 Qe7 15. Rae1 Rfe8 16. Nc4 Bf6 $5 {[%cal Gf6h4]}
17. Qg4 h5 18. Qd1 b5 19. Na5 $14 {Fierro Baquero,M-Ptacnikova,L/WchJW-U18
1994/0-1 (59)}) 6... Bxf3 7. Qxf3 {See annotated game  1-0 Sutovsky,E-Bar,R/
Ramat Aviv/Modiin 2000/CBM 81/[Gershon] (46)}) 6. O-O {Other possibilities are:
} (6. h3 {---> 1/2-1/2 Bologan,V-Leko,P/Dortmund 2003/CBM 97_01/[Erenburg] (19)
}) (6. Nbd2 Nf6 7. O-O Nd7 8. Nc4 b6 9. h3 Nf8 10. Nh2 Ba6 11. Kh1 e5 12. b3
Ne6 13. Nf3 f6 14. Bd2 O-O $11 {0-1 Campora,D-Kharlov,A/Malaga 1999/CBM 68 ext
(30)}) (6. Nc3 Bg4 7. h3 Bxf3 8. Qxf3 Nf6 9. Qe2 {---> 1-0 Jakovenko,
D-Filippov,V/Tomsk 2004/CBM 102/[Gofshtein,L] (79)}) 6... Nf6 {Black has the
following options as well:} (6... e5 {---> 1/2-1/2 Borgo,G-Djuric,S/Cutro 1999/
CBM 071/[Smirin] (45)}) (6... Bg4 7. h3 Bxf3 8. Qxf3 Nf6 9. a4 Nd7 10. Nd2 O-O
11. Qe2 e5 12. b3 Re8 13. Nc4 Nf8 14. Be3 Ne6 $11 {---> 0-1 Smirin,I-Kramnik,V/
Moscow 1995/CBM 046 ext/[Vaisser] (67)}) 7. Nc3 O-O 8. Bf4 {The main idea of
this move is to push forward the "e" pawn, that will limit the possibilities
of black's dark-squared bishop.} ({Also possible:} 8. Be3 {---> 0-1 Nedev,
T-Yilmaz,T/Pula 1997/CBM 057 ext/[Liss,E] (51)}) 8... Bg4 {Black solves the
problem of developing light-squared bishop by trading for white's f3 knight.}
9. h3 Bxf3 10. Qxf3 Nd7 $146 {preventing from white e4-e5. Black's plan is to
play e7-e5 with following transfer of the knight to d4. In the preceding game
black tried} (10... Ne8 11. e5 Nc7 12. Rfe1 Ne6 13. Bg3 Nd4 14. Qd1 Qd7 15. Ne2
Nf5 16. Bf4 Rad8 17. Ng3 Nd4 18. Qd2 Qd5 $11 {1/2-1/2 Mitchell,G-Downey,K/
England 2000/EXT 2001 (47)}) 11. Rab1 {Logical reaction on black's e7-e5 is
carrying out b2-b4, as black's dark-squared bishop will not be active so much.}
e5 12. Be3 Qe7 {connecting the rooks. Black adds the resource of pushing
forward his "f" pawn as well.} 13. Qg3 {[%cal Yf2f4] White is ready to react
with f2-f4 on black's f7-f5.} ({After} 13. a3 f5 $5 {can be strong.}) 13...
Rfd8 {[%cal Yd7f8,Yf8e6,Ye6d4] preparing the f8 square for the knight.} 14. a3
{[%cal Yb2b4] preparing to carry out b2-b4 in some moment.} (14. f4 exf4 15.
Bxf4 c4 16. Bg5 (16. Kh1 $5) 16... Bd4+ 17. Kh1 f6 18. Be3 Qe5 19. Bf4 Qe6 $11)
14... Nf8 {intending to occupy the stronghold d4.} 15. f4 exf4 ({Comes to
consideration immediate} 15... c4 16. dxc4 exf4 17. Bxf4 Qc5+ 18. Kh1 Qxc4 19.
Bg5 $13) 16. Bxf4 Ne6 17. Be5 {forcing black to close a long diagonal for a
dark-squared bishop.} ({Worth consideration:} 17. Be3 Rd7 (17... Nd4 18. Rf2
$14 {[%cal Yb1f1]}) 18. Rf2 c4 $5 19. dxc4 Bxc3 20. bxc3 Qxa3 21. Qe5 Qe7 $13)
17... f6 18. Bf4 c4 $1 {changing one of the double pawns, and worsening
white's pawn structure.} 19. dxc4 Nxf4 20. Qxf4 Qc5+ 21. Qf2 Qxc4 $11 {This
position is approximately equal. White's isolated pawn e4 is compensated by
black's f6 pawn, which limits possibilities of dark-squared bishop very much.
White is willing to change the rooks to get a correlation of Q+N against Q+B
on the board. In opposite, black is interested to trade the queens...} 22. Kh1
{A prophylactic move. It is recommendable to locate the king on the light
squares, when opponent's bishop is dark-squared one.} b5 {preparing to carry
out b5-b4, in order to create some weaknesses in the white's camp on the
queenside.} 23. Rbd1 a5 24. Rxd8+ Rxd8 25. Re1 {protecting the central pawn.}
b4 26. axb4 Qxb4 ({After} 26... axb4 27. Na4 {[%cal Yb2b3]} Qd4 28. Qxd4 Rxd4
29. c3 bxc3 30. Nxc3 $11 {the position is probably drawish.}) 27. Qa7 {
activating the queen.} h5 {A prophylactic move, whose goal is to prepare the
h7 square for the king.} (27... Qxb2 28. Qxa5 $11) 28. Qc7 Rd2 29. e5 {opening
the sixth rank for the queen.} ({White could take on c6 and afterware to play
e4-e5.} 29. Qxc6 Rxc2 (29... Qxb2 30. e5 $1 {[%cal Yc3e4]}) 30. e5 $1 Qh4 (
30... Qxb2 31. exf6 Qxc3 32. Qe8+ Bf8 33. Qxg6+ Kh8 34. Qxh5+ Kg8 35. Qg6+ Kh8
36. Re7 $18) 31. Rf1 Rf2 $11) 29... fxe5 30. Qxc6 Qh4 {transfering the queen
to kingside with the tempo.} (30... Rxc2 $2 31. Qxg6 $36) (30... Qxb2 $2 31.
Ne4 $18 {[%cal Yc6g6]}) (30... Kh7 31. Ne4 Rxg2 32. Kxg2 Qxe1 33. Ng5+ Kh6 34.
Nf7+ Kh7 35. Ng5+ $11) 31. Rf1 Kh7 {protecting the pawn.} 32. Ne4 {activating
the knight.} ({Simplier was} 32. Rf7 {[%cal Yc6c7]} Rf2 (32... Qg3 33. Qb7 $18)
33. Rxf2 Qxf2 34. Ne4 Qe3 $11) 32... Re2 33. Nf6+ Bxf6 34. Rxf6 Qg3 {
threatening with the mate on e1.} 35. Rf1 e4 36. Rg1 Qe5 {centralizing the
queen.} 37. Qd7+ $2 {plays in black's hands... White "forces" black to move
his monarch to safer position on h6...} ({White should have played} 37. Rf1 e3
(37... Qxb2 38. Rf7+ Kh6 39. Qd6 $1 {[%cal Yd6f4,Yd6f8]} Qc1+ 40. Kh2 $18) 38.
Qa8 {[%cal Yf1f7,Ga8f8]} Qe7 (38... Rf2 39. Rxf2 exf2 40. Qa7+ $11) 39. Qxa5
$11) 37... Kh6 $15 38. Qc8 {protecting the c2 pawn, and at the same time,
preparing some checks from the 8-th rank.} Qxb2 $2 {Probably, black has
overlooked white's next move...} ({Stronger was} 38... Rf2 $1 {covering the f8
square.} 39. Re1 e3 $17) {[%tqu "En","Please enter the best move for white.",
"","","c2c3","",10]} 39. c3 $1 {disconnected the black's queen from the
kingisde. Now black cannot avoid the perpetual check...} Rf2 ({Nothing changes
} 39... Qd2 40. Qh8+ Kg5 41. Qe5+ Kh6 42. Qh8+ $11) 40. Qh8+ Kg5 41. Qd8+ Kh6
42. Qd1 {Probably, here white played 42.Qh8+ and the opponents agreed for a
draw.} 1/2-1/2